Aktuálne otázky miléniových rozvojových cieľov

Špecifikované a merateľné rozvojové ciele ľudského a sociálneho rozvoja, ktoré sú podstatou Deklarácie Milénia. Redukcia biedy, ktorá vo svete ťaží viac ako miliardu ľudí. Ciele na urýchlenie rozvoja a odstránenie chudoby do roku 2015.

Enregistré dans:
Détails bibliographiques
Auteur principal: Holková, Vieroslava
Autres auteurs: Dudová, Iveta
Format: Chapitre de livre
Langue:slovaque
Sujets:
Tags: Ajouter un tag
Pas de tags, Soyez le premier à ajouter un tag!

MARC

LEADER 00000nla a2200000 4500
001 0161125
005 20240502072810.3
041 0 |a slo 
044 |a SK 
245 1 0 |a Aktuálne otázky miléniových rozvojových cieľov  |c Vieroslava Holková, Iveta Dudová 
520 |a Špecifikované a merateľné rozvojové ciele ľudského a sociálneho rozvoja, ktoré sú podstatou Deklarácie Milénia. Redukcia biedy, ktorá vo svete ťaží viac ako miliardu ľudí. Ciele na urýchlenie rozvoja a odstránenie chudoby do roku 2015. 
610 2 0 |a chudoba 
610 2 0 |a chudoba 
610 2 0 |a redukcia chudoby 
610 2 0 |a politika sociálna 
610 2 0 |a problémy spoločenské 
610 2 0 |a rozvoj sociálno-ekonomický 
610 2 0 |a integrácia sociálna 
100 1 |a Holková, Vieroslava 
700 1 |a Dudová, Iveta